[Event "63.Camp. Veneto Quarti di Finale"]
[Site "Arquà Petrarca ITA"]
[Date "2003.05.10"]
[Round "4.26"]
[White "Gallo, Carlo"]
[Black "Alessi, Giovanni"]
[Result "1/2-1/2"]
[WhiteElo "1678"]
[BlackElo "1500"]
[Annotator "Gabriele Ballarin"]
[PlyCount "158"]
[EventDate "2003.05.03"]
[EventType "swiss"]
[EventRounds "6"]
[EventCountry "ITA"]

1. c4 Nf6 2. Nc3 e6 3. e4 e5 4. Nf3 d6 5. d4 Bg4 6. dxe5 Bxf3 7. Qxf3 dxe5 8. Bg5 Be7 9. Rd1 Nbd7 10. Be2 O-O 11. O-O a6 12. Rd2 c5 13. Rfd1 Qe8 14. Qg3 Kh8 15. Bxf6 Nxf6 16. Qxe5 Rb8 17. Nd5 Nxd5 18. Rxd5 b5 19. Rd7 Bf6 20. Qxc5 Qxe4 21. Bf3 Qxc4 22. Qa7 Qxa2 23. Bd5 Qxb2 24. Bxf7 Ra8 25. Qc5 b4 26. Qc4 Qc3 27. Qe6 a5 28. R7d3 Qe5 29. Qc4 Rad8 30. Rxd8 Rxd8 31. Rxd8+ Bxd8 32. g3 h6 33. Qc8 Qc7 34. Qe6 Qe7 35. Qxe7 Bxe7 36. Bb3 g5 37. g4 Kg7 38. f3 Kf6 39. Kf2 Ke5 40. Ke2 Kd4 41. Kd2 Bd6 42. h3 Bf4+ 43. Kc2 Ke3 44. Bd5 a4 45. Bc6 Be5 46. Bxa4 Kxf3 47. Kb3 Bc3 48. Bd7 Kg3 49. Be6 Kxh3 50. Bf5 Kg3 51. Be6 Kh4 52. Bf5 h5 53. gxh5 Kxh5 54. Be4 g4 55. Bg2 g3 56. Kc2 Kg4 57. Kd3 Kf4 58. Bh1 Be1 59. Bg2 Ke5 60. Kc4 Bc3 61. Kd3 Kd6 62. Kc4 Kc7 63. Bf3 Kb6 64. Bg2 Ka5 65. Kb3 Kb5 66. Kc2 Ka4 67. Bd5 Ka3 68. Kb1 b3 69. Bg2 Kb4 70. Bf3 Kc4 71. Bg2 Kd3 72. Bd5 Ke3 73. Bg2 Kf2 74. Be4 g2 75. Bxg2 Kxg2 76. Kc1 Kf2 77. Kb1 Ke2 78. Kc1 Ke1 79. Kb1 Kd1 $4 {Stallo} (79... b2 $1 80. Kc2 Bh8 81. Kb1 Kd2 82. Ka2 Kc2 83. Ka3 b1=Q 84. Ka4 Bc3 85. Ka3 Qb3#) 1/2-1/2

[Event "63.Camp. Veneto Quarti di Finale"]
[Site "Arquà Petrarca ITA"]
[Date "2003.05.10"]
[Round "4.27"]
[White "Pilotto, Alessandro"]
[Black "Tonolo, Maurizio"]
[Result "0-1"]
[WhiteElo "1495"]
[BlackElo "1687"]
[Annotator "Gabriele Ballarin"]
[PlyCount "96"]
[EventDate "2003.05.03"]
[EventType "swiss"]
[EventRounds "6"]
[EventCountry "ITA"]

1. d4 d5 2. Nf3 Bg4 3. h3 Bh5 4. Bf4 e6 5. c3 Bxf3 6. exf3 Nf6 7. Be2 c5 8. Bb5+ Nc6 9. dxc5 Bxc5 10. Bxc6+ bxc6 11. O-O O-O 12. Bg5 h6 13. Bh4 e5 14. Qa4 Qd6 15. Nd2 Nd7 16. Rad1 Qc7 17. b4 Bd6 18. Nb3 Nb6 19. Qa6 f5 20. Bg3 Rf6 21. a4 f4 22. Bh2 Nc4 23. Nd2 Nxd2 24. Rxd2 Rb8 25. Qd3 Rd8 26. b5 Bc5 27. Rfd1 Rfd6 28. Qf5 Rf6 29. Qb1 d4 30. Qb3+ Qf7 31. Qxf7+ Kxf7 32. cxd4 Bxd4 33. g4 cxb5 34. axb5 g5 35. Kf1 Rb6 36. Rb1 Rdb8 37. Rc2 R8b7 38. Rbc1 Rxb5 39. Ke2 Rb2 40. Kd3 Rxc2 41. Rxc2 a5 42. Ra2 Ra7 43. Bg1 Ke7 44. Kc4 Kd6 45. Kb5 Kd5 46. Ra3 a4 47. Ra2 a3 48. Kb4 Bb2 0-1

[Event "63.Camp. Veneto Quarti di Finale"]
[Site "Arquà Petrarca ITA"]
[Date "2003.05.10"]
[Round "4.28"]
[White "Angelini, Francesco"]
[Black "Lanzetta, Alberto"]
[Result "1-0"]
[WhiteElo "1630"]
[BlackElo "1494"]
[Annotator "Gabriele Ballarin"]
[PlyCount "43"]
[EventDate "2003.05.03"]
[EventType "swiss"]
[EventRounds "6"]
[EventCountry "ITA"]

1. e4 e6 2. d4 d5 3. Nc3 Nf6 4. Bg5 Be7 5. e5 Nfd7 6. h4 a6 7. Qh5 c5 8. Be3 cxd4 9. Bxd4 Nc6 10. Nf3 Nxd4 11. Nxd4 Qb6 12. O-O-O O-O 13. Bd3 g6 14. Qh6 Nxe5 15. h5 Nxd3+ 16. Rxd3 Qd8 17. Rg3 g5 18. f4 Qd6 19. Rxg5+ Bxg5 20. Qxg5+ Kh8 21. Qf6+ Kg8 22. h6 1-0

[Event "63.Camp. Veneto Quarti di Finale"]
[Site "Arquà Petrarca ITA"]
[Date "2003.05.10"]
[Round "4.29"]
[White "Canazza, Alessandro"]
[Black "Lo Duca, Massimiliano"]
[Result "1-0"]
[WhiteElo "1615"]
[BlackElo "1300"]
[Annotator "Gabriele Ballarin"]
[PlyCount "116"]
[EventDate "2003.05.03"]
[EventType "swiss"]
[EventRounds "6"]
[EventCountry "ITA"]

1. d4 e6 2. c4 f5 3. g3 Nf6 4. Bg2 Bb4+ 5. Nd2 O-O 6. a3 Be7 7. Ngf3 a5 8. O-O Ra7 9. Ne5 d6 10. Nd3 b6 11. Qc2 Na6 12. b3 Bb7 13. Bxb7 Rxb7 14. b4 c6 15. Nf3 Ra7 16. Bd2 Ne4 17. bxa5 bxa5 18. Qa4 Nb8 19. Rfb1 c5 20. Nf4 Rf6 21. d5 Nxd2 22. Nxd2 exd5 23. Nxd5 Rf8 24. Rb3 Nd7 25. Nf1 Qe8 26. Rab1 Nf6 27. Qxe8 Rxe8 28. Nfe3 Ne4 29. Nxf5 Bf8 30. R1b2 Rf7 31. Rf3 Ng5 32. Re3 Rxe3 33. Nfxe3 Nh3+ 34. Kg2 Nxf2 35. Rb8 Ne4 36. Nf4 Nc3 37. Ne6 Nxe2 38. Nd5 Nd4 39. Ne7+ Kh8 40. Rxf8+ Rxf8 41. Nxf8 a4 42. Nd5 Nc2 43. Nc3 Nxa3 44. Nxa4 Nxc4 45. Ne6 Kg8 46. Kf3 Kf7 47. Nf4 Kf6 48. Ke4 g5 49. Nd3 Ke6 50. Nab2 Nd2+ 51. Ke3 Nb3 52. Ke4 d5+ 53. Kf3 h5 54. h4 g4+ 55. Kf4 Kf6 56. Ke3 Kf5 57. Nf4 d4+ 58. Kd3 Na5 {Nur} 1-0

[Event "63.Camp. Veneto Quarti di Finale"]
[Site "Arquà Petrarca ITA"]
[Date "2003.05.10"]
[Round "4.30"]
[White "Mingardi, Alessandro"]
[Black "Zanatta, Federico"]
[Result "0-1"]
[WhiteElo "1300"]
[BlackElo "1654"]
[Annotator "Gabriele Ballarin"]
[PlyCount "80"]
[EventDate "2003.05.03"]
[EventType "swiss"]
[EventRounds "6"]
[EventCountry "ITA"]

1. d4 f5 2. Nf3 e6 3. g3 Nf6 4. Bg2 d5 5. Bg5 Be7 6. Nbd2 O-O 7. O-O Nbd7 8. c4 c6 9. Qb3 h6 10. Bf4 Nh5 11. Ne5 Nxf4 12. gxf4 Nxe5 13. dxe5 Qe8 14. Kh1 Qh5 15. Bf3 Qh4 16. Qe3 b6 17. Bg2 Bc5 18. Qg3 Qxg3 19. fxg3 Ba6 20. b3 Rac8 21. Rfd1 b5 22. cxb5 Bxb5 23. Bf3 a5 24. a4 Ba6 25. Nf1 Rb8 26. Rdc1 Bd4 27. Rxc6 Bxa1 28. Rxa6 Rfe8 29. Ne3 Ra8 30. Rc6 Rac8 31. Ra6 Bc3 32. Nxf5 Bb4 33. Nd4 Kf7 34. Bh5+ g6 35. Bf3 Rc3 36. Ra7+ Re7 37. Ra6 Re8 38. g4 Bc5 39. Nc6 Be3 40. Nxa5 Bxf4 {Nur} 0-1

[Event "63.Camp. Veneto Quarti di Finale"]
[Site "Arquà Petrarca ITA"]
[Date "2003.05.10"]
[Round "4.32"]
[White "Tencheni, Maurizio"]
[Black "De Vries, Bernhard"]
[Result "0-1"]
[WhiteElo "1300"]
[BlackElo "1434"]
[Annotator "Gabriele Ballarin"]
[PlyCount "74"]
[EventDate "2003.05.03"]
[EventType "swiss"]
[EventRounds "6"]
[EventCountry "ITA"]

1. e4 c5 2. Nc3 Nc6 3. g3 Nf6 4. Bg2 d6 5. d3 g6 6. Be3 Bg7 7. Nge2 O-O 8. f3 a6 9. Qd2 Re8 10. O-O-O Rb8 11. h4 h5 12. Rdg1 b5 13. Bh3 Ne5 14. Rf1 b4 15. Nd5 Nxd5 16. exd5 Bxh3 17. Rxh3 Qd7 18. Rh2 a5 19. d4 Nc4 20. Qd3 Nxe3 21. Qxe3 c4 22. Kb1 a4 23. a3 b3 24. c3 e5 25. dxe6 Rxe6 26. Qd2 Rbe8 27. Nf4 Bh6 28. Qd1 Bxf4 29. gxf4 Re3 30. Kc1 Qe6 31. d5 Qf5 32. Qd4 Re2 33. Rxe2 Rxe2 34. Qe4 Rxe4 35. fxe4 Qxe4 36. Rf2 Qe3+ 37. Rd2 Qxf4 0-1

[Event "63.Camp. Veneto Quarti di Finale"]
[Site "Arquà Petrarca ITA"]
[Date "2003.05.10"]
[Round "4.33"]
[White "Gatti, Paolo"]
[Black "Vaglio, Alessandro"]
[Result "0-1"]
[WhiteElo "1512"]
[BlackElo "1539"]
[Annotator "Gabriele Ballarin"]
[PlyCount "124"]
[EventDate "2003.05.03"]
[EventType "swiss"]
[EventRounds "6"]
[EventCountry "ITA"]

1. e4 c6 2. d4 d5 3. e5 e6 4. Bd3 c5 5. c3 Nc6 6. Nf3 Qb6 7. Bc2 cxd4 8. cxd4 Bb4+ 9. Nc3 Bd7 10. a3 Bxc3+ 11. bxc3 Na5 12. O-O Rc8 13. Bd2 Ne7 14. Bd3 Qc7 15. Qc2 b5 16. Rfc1 Nc4 17. Be1 a6 18. Nd2 Ng6 19. Nb3 O-O 20. g3 Be8 21. Nc5 Qc6 22. a4 Ra8 23. Rcb1 Qc8 24. Ra2 h6 25. Rba1 Ngxe5 26. dxe5 Qxc5 27. Qb1 Bd7 28. Qb4 Qc7 29. f4 Rab8 30. a5 f6 31. exf6 Rxf6 32. Bf2 Rc8 33. Bd4 e5 34. Bxc4 Qxc4 35. Bxe5 Qxb4 36. cxb4 Rfc6 37. Bd4 Rc1+ 38. Rxc1 Rxc1+ 39. Kf2 Rd1 40. Bc5 Bf5 41. Re2 Be4 42. Ke3 Kf7 43. g4 g6 44. Rd2 Rh1 45. Kd4 Ke6 46. Re2 Rf1 47. Bf8 Rxf4 48. Bxh6 Rxg4 49. Kc5 Rh4 50. Bg5 Rh7 51. Rf2 Rf7 52. Rxf7 Kxf7 53. Kb6 Bd3 54. Kxa6 Ke6 55. Kb6 d4 56. a6 Be4 57. Kxb5 Kd7 58. Kb6 Kc8 59. a7 d3 60. b5 Bb7 61. Ka5 Kd7 62. b6 Kc6 0-1

[Event "63.Camp. Veneto Quarti di Finale"]
[Site "Arquà Petrarca ITA"]
[Date "2003.05.10"]
[Round "4.34"]
[White "Zuccarello, Gianni"]
[Black "Menin, Massimo"]
[Result "0-1"]
[WhiteElo "1459"]
[BlackElo "1534"]
[Annotator "Gabriele Ballarin"]
[PlyCount "96"]
[EventDate "2003.05.03"]
[EventType "swiss"]
[EventRounds "6"]
[EventCountry "ITA"]

1. d4 d5 2. c4 c6 3. Nf3 Bg4 4. Nbd2 Nf6 5. Qc2 e6 6. a3 Be7 7. e3 Bf5 8. Bd3 Bxd3 9. Qxd3 O-O 10. b4 dxc4 11. Qxc4 b5 12. Qb3 a5 13. bxa5 Rxa5 14. O-O Qc7 15. Bb2 Nbd7 16. Rfc1 Rc8 17. Ne5 Nxe5 18. dxe5 Nd7 19. f4 Qa7 20. Qc3 Nb6 21. Re1 Nd5 22. Qb3 Ra4 23. Nf3 Nxf4 24. Kf1 Nd5 25. Nd4 Qa6 26. Rec1 Rc4 27. Rxc4 bxc4 28. Qa2 c3+ 29. Kf2 cxb2 30. Qxb2 h6 31. a4 Nb4 32. Kf3 Nd3 33. Qb3 Nxe5+ 34. Ke4 Nd7 35. Kf3 Nc5 36. Qc2 e5 37. Nf5 e4+ 38. Kf2 Nd3+ 39. Kg1 Bf6 40. Rb1 Kh7 41. Nd6 Rc7 42. Nxe4 Re7 43. Nc5 Qa7 44. Nxd3 Qxe3+ 45. Kh1 g6 46. g3 Qe4+ 47. Kg1 Bd4+ 48. Kf1 Qh1# 0-1

[Event "63.Camp. Veneto Quarti di Finale"]
[Site "Arquà Petrarca ITA"]
[Date "2003.05.11"]
[Round "5.1"]
[White "Fregonese, Giulio"]
[Black "Lain, Luigi"]
[Result "0-1"]
[WhiteElo "2136"]
[BlackElo "2256"]
[Annotator "Gabriele Ballarin"]
[PlyCount "74"]
[EventDate "2003.05.03"]
[EventType "swiss"]
[EventRounds "6"]
[EventCountry "ITA"]

1. e4 e5 2. f4 exf4 3. Nf3 Nf6 4. e5 Nd5 5. Bc4 Nb6 6. Bb3 d6 7. Qe2 Be7 8. O-O O-O 9. d4 dxe5 10. dxe5 Be6 11. Bxf4 Bxb3 12. axb3 Nc6 13. Nc3 Nd5 14. Bd2 Nxc3 15. Bxc3 Qd7 16. Rae1 Qe6 17. Qb5 Rab8 18. Re4 h6 19. Kh1 a6 20. Qe2 Rbd8 21. Ne1 Rfe8 22. Nd3 Qd5 23. Qg4 Qe6 24. Qg3 Bf8 25. Ref4 Qg6 26. Rg4 Qh7 27. h4 h5 28. Rg5 Re6 29. Qf3 Rd7 30. Nf4 Re8 31. Nxh5 Kh8 32. g3 Nd4 33. Qg4 Nxc2 34. Rxg7 Bxg7 35. Qxg7+ Qxg7 36. Nxg7 Rc8 37. Nh5 Nd4 0-1

[Event "63.Camp. Veneto Quarti di Finale"]
[Site "Arquà Petrarca ITA"]
[Date "2003.05.11"]
[Round "5.2"]
[White "Cacco, Christian"]
[Black "Pechy, Alaster"]
[Result "1-0"]
[WhiteElo "2312"]
[BlackElo "2115"]
[Annotator "Gabriele Ballarin"]
[PlyCount "59"]
[EventDate "2003.05.03"]
[EventType "swiss"]
[EventRounds "6"]
[EventCountry "ITA"]

1. d4 Nf6 2. Bg5 e6 3. Nf3 h6 4. Bh4 c5 5. e3 Nc6 6. c3 b6 7. Nbd2 Bb7 8. Bd3 Be7 9. a3 d6 10. O-O Nh5 11. Bxe7 Qxe7 12. b4 Nf6 13. e4 Nd7 14. bxc5 bxc5 15. Rb1 Rb8 16. Qa4 Nb6 17. Rxb6 axb6 18. Bb5 O-O 19. Bxc6 Ra8 20. Qb5 Bxc6 21. Qxc6 Rxa3 22. c4 cxd4 23. Nxd4 Rfa8 24. Qxb6 Ra1 25. g3 Qg5 26. N4f3 Qg4 27. Rxa1 Rxa1+ 28. Kg2 f5 29. exf5 exf5 30. Qxd6 1-0

[Event "63.Camp. Veneto Quarti di Finale"]
[Site "Arquà Petrarca ITA"]
[Date "2003.05.11"]
[Round "5.3"]
[White "Rossato, Armando"]
[Black "Rossi, Damiano"]
[Result "1/2-1/2"]
[WhiteElo "2192"]
[BlackElo "1849"]
[Annotator "Gabriele Ballarin"]
[PlyCount "75"]
[EventDate "2003.05.03"]
[EventType "swiss"]
[EventRounds "6"]
[EventCountry "ITA"]

1. e4 e6 2. d4 d5 3. Nc3 Bb4 4. Nge2 dxe4 5. a3 Bxc3+ 6. Nxc3 f5 7. Bf4 c6 8. Qh5+ g6 9. Qh3 Nf6 10. O-O-O Nbd7 11. f3 Nd5 12. Nxd5 exd5 13. fxe4 fxe4 14. Qh6 Nf6 15. Be2 Ng4 16. Bxg4 Bxg4 17. Rdf1 Qd7 18. h3 Be6 19. Bg5 Rg8 20. Bf6 Qf7 21. Qg5 Kd7 22. g4 Qf8 23. Rh2 h6 24. Qe3 g5 25. Rhf2 Qd6 26. Be5 Qe7 27. Qb3 b6 28. Bh2 Raf8 29. Qg3 Rf4 30. Rxf4 gxf4 31. Qxf4 Qg5 32. Qxg5 hxg5 33. Be5 c5 34. Kd2 Ke7 35. Ke3 Rg6 36. Kf2 Bd7 37. Kg3 Bb5 38. Re1 1/2-1/2

[Event "63.Camp. Veneto Quarti di Finale"]
[Site "Arquà Petrarca ITA"]
[Date "2003.05.11"]
[Round "5.4"]
[White "Solinas, Carlo"]
[Black "Genocchio, Daniele"]
[Result "0-1"]
[WhiteElo "2089"]
[BlackElo "2352"]
[Annotator "Gabriele Ballarin"]
[PlyCount "79"]
[EventDate "2003.05.03"]
[EventType "swiss"]
[EventRounds "6"]
[EventCountry "ITA"]

1. e4 g6 2. d4 Bg7 3. Nc3 c6 4. Bc4 d6 5. Qf3 e6 6. Bf4 b5 7. Bb3 a5 8. a3 Ba6 9. Rd1 Qe7 10. e5 d5 11. Qe3 Qa7 12. Nce2 Ne7 13. c3 c5 14. Bc2 h6 15. h4 b4 16. Nf3 Nd7 17. O-O Nb6 18. Rfe1 Nc4 19. Ba4+ Kd8 20. Qc1 bxa3 21. bxa3 Rb8 22. Bc2 Qb6 23. dxc5 Qxc5 24. Bd3 Bb5 25. Bxc4 Bxc4 26. Ng3 Ke8 27. h5 g5 28. Be3 Qb5 29. Qd2 Kf8 30. Rb1 Qxb1 31. Rxb1 Rxb1+ 32. Kh2 Nc6 33. Bc5+ Ke8 34. Bd6 g4 35. Qc2 Rb7 36. Nd4 Nxe5 37. Qa4+ Rb5 38. Nxb5 Bxb5 39. Qxb5+ Nd7 40. Bc5 0-1

[Event "63.Camp. Veneto Quarti di Finale"]
[Site "Arquà Petrarca ITA"]
[Date "2003.05.11"]
[Round "5.5"]
[White "Baracchi, Filippo"]
[Black "Giuriati, Paolo"]
[Result "1-0"]
[WhiteElo "1801"]
[BlackElo "2160"]
[Annotator "Gabriele Ballarin"]
[PlyCount "91"]
[EventDate "2003.05.03"]
[EventType "swiss"]
[EventRounds "6"]
[EventCountry "ITA"]

1. e4 c6 2. d4 d5 3. Nd2 dxe4 4. Nxe4 Bf5 5. Bd3 Nd7 6. Qe2 Ndf6 7. Nf3 Nxe4 8. Bxe4 Bxe4 9. Qxe4 Nf6 10. Qd3 e6 11. Bg5 Be7 12. O-O O-O 13. Rfe1 Qc7 14. Rad1 Rad8 15. c3 c5 16. Qc4 Rd5 17. Re5 Rfd8 18. Rde1 Qb6 19. Bxf6 gxf6 20. Rxd5 Rxd5 21. Qe2 cxd4 22. Nxd4 Re5 23. Qg4+ Kf8 24. Rxe5 fxe5 25. Nb3 Qa6 26. Qe4 Qxa2 27. Qxh7 f5 28. Qh8+ Kf7 29. Qh5+ Kg7 30. Qd1 Qxb2 31. g4 Qxc3 32. Qd7 Qe1+ 33. Kg2 Qe4+ 34. f3 Qe2+ 35. Kg1 Kf8 36. Qxe6 Qxf3 37. gxf5 Qg4+ 38. Kf1 Qf4+ 39. Kg2 a5 40. Qc8+ Kg7 41. Qxb7 Qg5+ 42. Kh1 a4 43. Nd2 Kh6 44. Qc6+ Kh5 45. Ne4 Qxf5 46. Ng3+ 1-0

[Event "63.Camp. Veneto Quarti di Finale"]
[Site "Arquà Petrarca ITA"]
[Date "2003.05.11"]
[Round "5.6"]
[White "Navarro, Emanuele"]
[Black "Sanavio, Giancarlo"]
[Result "1-0"]
[WhiteElo "2145"]
[BlackElo "1564"]
[Annotator "Gabriele Ballarin"]
[PlyCount "115"]
[EventDate "2003.05.03"]
[EventType "swiss"]
[EventRounds "6"]
[EventCountry "ITA"]

1. d4 d5 2. Nf3 Nf6 3. c3 c6 4. Bf4 e6 5. e3 Nh5 6. Nbd2 Nxf4 7. exf4 Bd6 8. g3 Nd7 9. Bd3 c5 10. O-O c4 11. Bc2 b5 12. Ne5 Qf6 13. Ndf3 h6 14. Re1 g5 15. f5 Nf8 16. b3 Bb7 17. bxc4 dxc4 18. Ng4 Qe7 19. fxe6 fxe6 20. d5 O-O-O 21. Qd4 Bxd5 22. Qxh8 Bxf3 23. Bd1 Bd5 24. Nf6 Bc6 25. Ne4 Ba3 26. Bg4 Nd7 27. Qxh6 Bxe4 28. Rxe4 Nc5 29. Re2 Kb8 30. Bxe6 Qd6 31. Qg6 Nd3 32. Qf5 Bc5 33. Rb1 a6 34. Bxc4 Nxf2 35. Kg2 Qc6+ 36. Qf3 Qxf3+ 37. Kxf3 Nd1 38. Bxb5 Nxc3 39. Bd3+ Nxb1 40. Bxb1 Rd1 41. Bc2 Rd4 42. Be4 Kc7 43. Kg4 Be7 44. Kf5 Kd6 45. Rc2 Ra4 46. Rd2+ Kc5 47. Rd7 Bd6 48. h4 gxh4 49. gxh4 Rxa2 50. Ra7 Kb6 51. Rd7 Rd2 52. h5 Bf4 53. Rb7+ Kc5 54. Kxf4 Rh2 55. Bg6 a5 56. Kg5 Rg2+ 57. Kf6 Rf2+ 58. Kg7 1-0

[Event "63.Camp. Veneto Quarti di Finale"]
[Site "Arquà Petrarca ITA"]
[Date "2003.05.11"]
[Round "5.7"]
[White "Navarro, Stefano"]
[Black "Tiengo, Davide"]
[Result "1/2-1/2"]
[WhiteElo "2115"]
[BlackElo "1958"]
[Annotator "Gabriele Ballarin"]
[PlyCount "64"]
[EventDate "2003.05.03"]
[EventType "swiss"]
[EventRounds "6"]
[EventCountry "ITA"]

1. e4 e6 2. d3 d5 3. Nd2 Nf6 4. Ngf3 c5 5. g3 Nc6 6. Bg2 Be7 7. O-O O-O 8. Re1 b5 9. c3 a5 10. Qc2 Bb7 11. Nf1 Rc8 12. e5 Ne8 13. h4 Qd7 14. N1h2 d4 15. Qe2 dxc3 16. bxc3 b4 17. Bb2 Nc7 18. Rad1 bxc3 19. Bxc3 Nb5 20. Qd2 Nxc3 21. Qxc3 Qd5 22. Ng5 Qd4 23. Qd2 Qa4 24. Rb1 Ba6 25. Bf1 Nd4 26. Ne4 Rb8 27. Rec1 Qa3 28. Rc3 Qa4 29. Rxb8 Rxb8 30. Nxc5 Qc6 31. Nxa6 Qxa6 32. Rc4 Qb6 1/2-1/2

[Event "63.Camp. Veneto Quarti di Finale"]
[Site "Arquà Petrarca ITA"]
[Date "2003.05.11"]
[Round "5.8"]
[White "Bettera, Roberto"]
[Black "Cecchetto, Vanni"]
[Result "1/2-1/2"]
[WhiteElo "1726"]
[BlackElo "2051"]
[Annotator "Gabriele Ballarin"]
[PlyCount "56"]
[EventDate "2003.05.03"]
[EventType "swiss"]
[EventRounds "6"]
[EventCountry "ITA"]

1. d4 d5 2. c4 dxc4 3. Nf3 Nf6 4. e3 e6 5. Bxc4 c5 6. O-O a6 7. a4 cxd4 8. exd4 Be7 9. Qe2 O-O 10. Nc3 Nc6 11. Rd1 Nd5 12. Ne4 Ndb4 13. Be3 Qa5 14. Rac1 Rd8 15. b3 Qf5 16. Ng3 Qa5 17. Bf4 Nd5 18. Bd2 Qb6 19. Be3 Nxe3 20. fxe3 Na5 21. Rf1 Nxc4 22. Qxc4 Bd7 23. Ne5 Be8 24. Qc7 Qxc7 25. Rxc7 Bd6 26. Rxb7 Bxe5 27. dxe5 Rdb8 28. Rc7 Rxb3 1/2-1/2

[Event "63.Camp. Veneto Quarti di Finale"]
[Site "Arquà Petrarca ITA"]
[Date "2003.05.11"]
[Round "5.9"]
[White "Danieli, Enrico"]
[Black "Trangoni, Bruno"]
[Result "1-0"]
[WhiteElo "2120"]
[BlackElo "1725"]
[Annotator "Gabriele Ballarin"]
[PlyCount "91"]
[EventDate "2003.05.03"]
[EventType "swiss"]
[EventRounds "6"]
[EventCountry "ITA"]

1. d4 f5 2. Nc3 Nf6 3. Bg5 e6 4. e4 Be7 5. exf5 exf5 6. Bd3 d5 7. Bxf6 Bxf6 8. Qe2+ Kf7 9. O-O-O c6 10. Qf3 g6 11. Nge2 Be6 12. Rde1 Kg7 13. Kb1 Na6 14. Ng3 Bf7 15. Bxa6 bxa6 16. Nge2 Rb8 17. Qd3 Qa5 18. Nc1 f4 19. Nb3 Qb4 20. a3 Qb7 21. Na4 g5 22. Nac5 Qb5 23. Qxb5 axb5 24. Nd7 Rbd8 25. Nbc5 Rhe8 26. Nxf6 Kxf6 27. Kc1 h5 28. Kd2 Rxe1 29. Rxe1 Re8 30. Nd7+ Kg7 31. Rxe8 Bxe8 32. Nb8 Kf6 33. Na6 Kf5 34. Nc5 g4 35. g3 Bg6 36. Kc3 Kg5 37. Ne6+ Kf5 38. Nxf4 Bf7 39. Kd3 Bg8 40. Nxh5 Kg5 41. Nf4 Bh7+ 42. Kd2 Kf5 43. Ke3 Kg5 44. c3 Bc2 45. Ne6+ Kf6 46. Nd8 1-0

[Event "63.Camp. Veneto Quarti di Finale"]
[Site "Arquà Petrarca ITA"]
[Date "2003.05.11"]
[Round "5.10"]
[White "Negro, Raffaele"]
[Black "Roberti, Ignazio"]
[Result "0-1"]
[WhiteElo "1696"]
[BlackElo "2001"]
[Annotator "Gabriele Ballarin"]
[PlyCount "88"]
[EventDate "2003.05.03"]
[EventType "swiss"]
[EventRounds "6"]
[EventCountry "ITA"]

1. Nf3 Nf6 2. g3 b6 3. Bg2 Bb7 4. O-O e6 5. d3 d5 6. Nbd2 Nbd7 7. c4 Be7 8. cxd5 exd5 9. b3 O-O 10. Bb2 c5 11. Re1 Re8 12. e4 dxe4 13. dxe4 Bf8 14. Qc2 Qe7 15. Nh4 g6 16. e5 Nd5 17. Qc4 Qe6 18. f4 Rab8 19. Ne4 Be7 20. Nf3 b5 21. Qe2 h6 22. Bf1 a6 23. h3 Qf5 24. Rad1 Rbd8 25. Bc1 Nf8 26. g4 Nxf4 27. Bxf4 Qxf4 28. Rxd8 Rxd8 29. Bg2 Ne6 30. Qf2 Nd4 31. Nxd4 Rxd4 32. Nf6+ Bxf6 33. exf6 Rd2 34. Qxd2 Qxd2 35. Re8+ Kh7 36. Bxb7 Qd4+ 37. Kh1 Qxf6 38. Bd5 Qf1+ 39. Kh2 Qf4+ 40. Kh1 Qc1+ 41. Kh2 Qd2+ 42. Bg2 Qxa2 43. Re7 Qxb3 44. Bd5 Qxd5 0-1

[Event "63.Camp. Veneto Quarti di Finale"]
[Site "Arquà Petrarca ITA"]
[Date "2003.05.11"]
[Round "5.11"]
[White "Velluti, Alberto"]
[Black "Quaranta, Cristiano"]
[Result "0-1"]
[WhiteElo "1646"]
[BlackElo "1858"]
[Annotator "Gabriele Ballarin"]
[PlyCount "90"]
[EventDate "2003.05.03"]
[EventType "swiss"]
[EventRounds "6"]
[EventCountry "ITA"]

1. e4 c5 2. Nf3 Nc6 3. d4 cxd4 4. Nxd4 g6 5. Be3 Bg7 6. Bc4 Nf6 7. Nc3 Qa5 8. O-O O-O 9. a3 a6 10. f4 d6 11. Qf3 Ng4 12. Nb3 Qd8 13. Rad1 Nxe3 14. Qxe3 Bg4 15. Rd2 b5 16. Bd5 Rc8 17. e5 Qc7 18. e6 Bxe6 19. Bxe6 fxe6 20. Qxe6+ Kh8 21. Nd5 Qa7+ 22. Kh1 Qb7 23. Rf3 Bxb2 24. Rh3 Bf6 25. Qg4 Kg7 26. f5 Ne5 27. Qf4 g5 28. Qe4 Rc4 29. Nd4 Rxd4 30. Rxd4 Qc8 31. Rc3 Qd7 32. Rc7 Qd8 33. Rb7 Nc6 34. Rd3 Qc8 35. Rc7 Qe8 36. Nxf6 Rxf6 37. Rxc6 d5 38. Qe5 Qxc6 39. Qxe7+ Kg8 40. Qd8+ Kg7 41. Qe7+ Kg8 42. h3 h6 43. Re3 Rxf5 44. Qd8+ Rf8 45. Re8 Rxe8 0-1

[Event "63.Camp. Veneto Quarti di Finale"]
[Site "Arquà Petrarca ITA"]
[Date "2003.05.11"]
[Round "5.12"]
[White "Pomaro, Stefano"]
[Black "Renier, Renzo"]
[Result "0-1"]
[WhiteElo "1626"]
[BlackElo "1845"]
[Annotator "Gabriele Ballarin"]
[PlyCount "56"]
[EventDate "2003.05.03"]
[EventType "swiss"]
[EventRounds "6"]
[EventCountry "ITA"]

1. e4 c5 2. b4 e6 3. bxc5 Bxc5 4. d4 Bb6 5. Nf3 Ne7 6. Bd3 Nbc6 7. c3 d6 8. O-O O-O 9. e5 Ng6 10. exd6 Bd7 11. Na3 Rc8 12. Bd2 Be8 13. Nc4 Na5 14. Nxb6 Qxb6 15. Ng5 Nc4 16. Bxc4 Rxc4 17. Qh5 h6 18. Ne4 f5 19. d7 Bf7 20. Nc5 Qc6 21. Qe2 e5 22. Rfb1 b6 23. Nb3 Qxd7 24. dxe5 Re4 25. Be3 f4 26. Qc2 fxe3 27. Qxe4 exf2+ 28. Kf1 Qb5+ 0-1

[Event "63.Camp. Veneto Quarti di Finale"]
[Site "Arquà Petrarca ITA"]
[Date "2003.05.11"]
[Round "5.13"]
[White "Ribon, Andrea"]
[Black "Casciello, Dimitri"]
[Result "0-1"]
[WhiteElo "1791"]
[BlackElo "1600"]
[Annotator "Gabriele Ballarin"]
[PlyCount "62"]
[EventDate "2003.05.03"]
[EventType "swiss"]
[EventRounds "6"]
[EventCountry "ITA"]

1. c4 Nf6 2. Nc3 g6 3. e4 d6 4. d4 Bg7 5. Nf3 O-O 6. Be2 e5 7. Be3 Na6 8. O-O Ng4 9. Bg5 Qe8 10. d5 h6 11. Bh4 f5 12. Nd2 Nxh2 13. Kxh2 g5 14. Bxg5 hxg5 15. Bh5 Qe7 16. exf5 Bxf5 17. g4 Bh7 18. Nde4 Rf4 19. Qe2 Raf8 20. f3 Nc5 21. Nxc5 dxc5 22. Ne4 Bxe4 23. fxe4 Qf6 24. Kg2 Qd6 25. Qd3 R8f6 26. b3 Qf8 27. Rad1 Rf2+ 28. Rxf2 Rxf2+ 29. Kg1 Qf4 30. Qh3 Rf3 31. Qh2 Qe3+ 0-1

[Event "63.Camp. Veneto Quarti di Finale"]
[Site "Arquà Petrarca ITA"]
[Date "2003.05.11"]
[Round "5.14"]
[White "Guclu, Yaman"]
[Black "Quaranta, Gaetano"]
[Result "1-0"]
[WhiteElo "1771"]
[BlackElo "1597"]
[Annotator "Gabriele Ballarin"]
[PlyCount "35"]
[EventDate "2003.05.03"]
[EventType "swiss"]
[EventRounds "6"]
[EventCountry "ITA"]

1. e4 e5 2. Nf3 Nc6 3. Bb5 a6 4. Ba4 Nf6 5. O-O Be7 6. d4 b5 7. dxe5 Nxe4 8. Bb3 Na5 9. Bxf7+ Kf8 10. Bd5 Bb7 11. Bxb7 Nxb7 12. Qd5 Nec5 13. Nd4 c6 14. Qf3+ Ke8 15. b4 Ne4 16. Nf5 Rg8 17. Re1 Bxb4 18. Nd6+ 1-0